| 000 | 00764nam a2200241Ia 4500 | ||
|---|---|---|---|
| 001 | 22195 | ||
| 005 | 20260407123505.0 | ||
| 008 | 260407s9999||||xx |||||||||||||| ||und|| | ||
| 041 | _aESP | ||
| 082 |
_aHR 330 SET 2025 _bCA |
||
| 100 | _a, | ||
| 110 | _aCámara de Comercio e Industria de Arequipa | ||
| 245 | 0 |
_aCámara AQP : _brevista institucional de la Cámara de Comercio e Industria de Arequipa |
|
| 260 |
_aArequipa : _bCámara de Comercio e Industria de Arequipa, _c2025 |
||
| 300 |
_a102 páginas : _c30 cm. _b ; |
||
| 440 | _a ; | ||
| 650 | _aCIS | ||
| 653 | _aEconomía - Revista | ||
| 654 | _aCAN | ||
| 700 | _a; | ||
| 856 |
_uhttps://actualidadempresarial.pe/ _zVéase además: Revista Actualidad Empresarial |
||
| 942 |
_cREV _dJUS _fMAT _2ddc _n0 |
||
| 999 |
_c22195 _d22195 |
||